[Event "IV Niterói Chess Open 2024"]
[Site "Rio de Janeiro"]
[Date "2024.08.31"]
[Round "5"]
[Board "17"]
[White "Pimenta, Jeronimo Marques"]
[Black "Jeremias, Bianca Albano"]
[Result "0-1"]
[WhiteElo "2047"]
[BlackElo "1938"]
[Annotator "Chessbase"]
[PlyCount "48"]
[EventDate "2024.08.28"]
[EventRounds "7"]
[EventCountry "BRA"]

1. d4 g6 2. c4 Nf6 3. Nc3 d6 4. e4 Bg7 5. h3 Nbd7 6. Be3 e5 7. d5 h5 8. Bd3 Bh6 9. Bxh6 Rxh6 10. Nf3 h4 11. Qd2 Rh8 12. O-O-O Nh5 13. Ng5 $146 ({RR} 13. Ne2 Nc5 14. Bc2 a5 15. g4 Ng7 16. Ne1 g5 17. Ng2 f6 18. Ne3 Bd7 19. Nc3 Kf7 20. Qe2 Qb8 21. Kd2 Qa7 22. Ke1 Rhd8 23. Kf1 Qb6 24. Rb1 c6 25. Kg2 Ne8 26. Rhd1 Nc7 27. Nf5 Bxf5 {1-0 Zakhartsov,V (2504)-Cuenca Jimenez,J (2499) Titled Tue 12th Mar Early 2024 (10)}) 13... Nf4 14. Nf3 Nxg2 15. Rdg1 Nf4 16. Bc2 Nf6 17. Ng5 a6 18. Ba4+ Bd7 19. Bxd7+ Qxd7 20. Kb1 Ke7 21. Ne2 N6h5 22. Nxf4 Nxf4 23. Qe3 Rag8 24. Nf3 Nh5 0-1

[Event "IV Niterói Chess Open 2024"]
[Site "Rio de Janeiro"]
[Date "2024.08.30"]
[Round "4"]
[Board "36"]
[White "Mattos, Bernardo Cunha"]
[Black "Borsato, Ana Carolina Teodoro"]
[Result "0-1"]
[WhiteElo "1719"]
[BlackElo "1892"]
[Annotator "Chessbase"]
[PlyCount "100"]
[EventDate "2024.08.28"]
[EventRounds "7"]
[EventCountry "BRA"]

1. c4 Nf6 2. Nc3 g6 3. e4 d6 4. d4 Bg7 5. h3 O-O 6. Be3 e5 7. d5 Na6 8. Nge2 Nc5 9. f3 a5 10. g4 c6 ({RR} 10... Bd7 11. Ng3 h5 12. Bg5 h4 13. Nge2 c6 14. Qd2 a4 15. Bg2 Qb6 16. Rb1 Qb4 17. O-O Qxc4 18. Rfd1 Rfe8 19. Rbc1 Qa6 20. Bxh4 cxd5 21. Bxf6 Bxf6 22. Nxd5 Bd8 23. Nec3 Ne6 24. Qf2 Bg5 25. Rc2 {1-0 Caruana,F (2792)-Jones,G (2671) Titled Tuesday intern op 01st Mar Early blitz 2022 (9)}) 11. Ng3 ({RR} 11. dxc6 bxc6 12. Ng3 Ne6 13. Qd2 Nd4 14. Be2 Be6 15. Bxd4 exd4 16. Qxd4 Nxg4 17. Qd3 Ne5 18. Qd2 Qh4 19. Kf2 Bh6 20. Qe1 Bxc4 21. Rd1 Bxe2 22. Kxe2 d5 23. exd5 Qf4 24. Qf2 Qc4+ 25. Ke1 Nd3+ {0-1 Mattos,B (1773)-Nemeth Junior,H (2191) VIII SESC Caioba Open 2024 (3.35)}) 11... Bd7 12. Qd2 b5 $146 ({RR} 12... cxd5 13. cxd5 a4 14. h4 Qa5 15. h5 b5 16. Nf5 b4 17. Ne2 b3 18. Nc3 Bxf5 19. gxf5 bxa2 20. Rxa2 Nb3 21. Qg2 Rfc8 22. hxg6 fxg6 23. fxg6 h5 24. Be2 Rxc3 25. bxc3 Qxc3+ 26. Kf2 Rf8 27. Qh3 {0-1 Potapova,M (2277)-Mohammad Fahad,R (2319) Chess.com Bullet op1 blitz 2020 (21)}) ({RR} 12... h5 13. gxh5 Nxh5 14. Nxh5 Qh4+ 15. Qf2 Qxh5 16. O-O-O Bh6 17. Be2 Bxe3+ 18. Qxe3 Qh4 19. Rhg1 Kg7 20. dxc6 Bxc6 21. Rxd6 Ne6 22. Rxe6 fxe6 23. Qc5 Qf4+ 24. Kc2 Rad8 25. Qe7+ Qf7 26. Qg5 Qf6 27. Qg3 {1-0 Krawczyk,F (2357)-Sanhueza,C (2234) Titled Tue 19th Mar Late 2024 (3)}) ({RR} 12... cxd5 13. cxd5 a4 14. h4 Qa5 15. h5 Rfc8 16. hxg6 fxg6 17. g5 Ne8 18. Rb1 b5 19. Qh2 b4 20. Qxh7+ Kf8 21. Qxg6 bxc3 22. Kf2 c2 23. Rc1 Bb5 24. Nf5 Bxf1 25. Nxg7 Ke7 26. Rh7 Kd8 27. Nxe8 {1-0 Livaic,L (2507)-Perez Ponsa,F (2554) Titled Tuesday intern op 09th Feb blitz 2021 (6)}) 13. dxc6 Bxc6 14. cxb5 Bb7 15. Rd1 Ne6 16. Bc4 Nd4 17. Bxd4 exd4 18. Nce2 d5 19. Bb3 dxe4 20. Nxd4 exf3 21. O-O Qc7 22. Qf2 Rfe8 23. Nc6 a4 24. Bc2 Bh6 25. Kh1 Re6 26. Rde1 Rae8 27. Rxe6 Rxe6 28. Bd1 Bxc6 29. bxc6 Qxc6 30. Bxf3 Qd6 31. Kg2 Bg5 32. Ne2 Nd7 33. h4 Ne5 34. Ng1 Bf4 35. Bd1 Nd3 36. Qc2 Ne1+ 37. Rxe1 Rxe1 38. Qc8+ Kg7 39. Qc3+ Qe5 40. Qxe5+ Bxe5 41. Bxa4 Bxb2 42. Bb3 Ba3 43. Kf2 Re7 44. Ne2 Bc5+ 45. Kf1 Re4 46. a4 Rxg4 47. a5 Rxh4 48. a6 Kf6 49. Nc3 Ke5 50. Nb5 Rb4 0-1

[Event "IV Niterói Chess Open 2024"]
[Site "Rio de Janeiro"]
[Date "2024.08.29"]
[Round "2"]
[Board "36"]
[White "Guimaraes, Wagner Peixoto"]
[Black "Santiago, Mauro"]
[Result "1-0"]
[WhiteElo "2119"]
[BlackElo "1711"]
[Annotator "Chessbase"]
[PlyCount "55"]
[EventDate "2024.08.28"]
[EventRounds "7"]
[EventCountry "BRA"]

1. d4 Nf6 2. c4 g6 3. Nc3 Bg7 4. e4 d6 5. f3 O-O 6. Bg5 h6 7. Be3 e5 8. d5 Nbd7 ({RR} 8... c6 9. Bd3 Na6 10. Nge2 Nc5 11. Bc2 cxd5 12. cxd5 a5 13. O-O Bd7 14. a3 Qb6 15. Kh1 Rfc8 16. Rb1 Qd8 17. b4 axb4 18. axb4 Na6 19. Bd3 Qe8 20. Qd2 h5 21. Qb2 Kh7 22. Ra1 Ng8 23. Ra5 {1-0 Rogers,I (2570)-Sahl,B (2455) Troll Masters 1995 (8)}) 9. Nh3 ({RR} 9. Nge2 a5 10. a4 Nc5 11. Ng3 Nfd7 12. Ra3 f5 13. Bc1 f4 14. Nge2 Qh4+ 15. g3 fxg3 16. Nxg3 Nf6 17. Nce2 Nh5 18. Kd2 Nxg3 19. Nxg3 Bd7 20. Be2 h5 21. Kc3 Qe7 22. Be3 h4 23. Nf1 c6 {½-½ Bojovic,N (1202)-Eftovska,L (1392) Balkan-ch U18 Girls 2020 (7)}) 9... Ne8 $146 ({RR} 9... a5 10. Nf2 Nc5 11. Be2 Nh5 12. g3 f5 13. exf5 gxf5 14. f4 Nf6 15. fxe5 Nfe4 16. Nfxe4 Nxe4 17. Nxe4 fxe4 18. Qd2 Bxe5 19. Bxh6 Rf7 20. O-O-O Bf5 21. g4 Bh7 22. Rdf1 Rxf1+ 23. Rxf1 Qd7 24. Bd1 {0-1 Lubnin,L (2184)-Sjironov,A Barents Region-chA 2003 (6)}) ({RR} 9... Nc5 10. Nf2 a5 11. Qd2 Kh7 12. Be2 Nh5 13. g4 Nf4 14. Bxf4 exf4 15. Qxf4 f5 16. gxf5 gxf5 17. Qe3 Qh4 18. Bd3 Be5 19. Kd1 f4 20. Qe2 Rg8 21. Kc2 Rg2 22. Raf1 Bd7 23. Qe1 Rag8 24. Ncd1 {0-1 Laza,S (2005)-Kiss,J (1945) Budapest-chT1 Lilienthal 1213 2012 (5)}) 10. Nf2 c6 11. Qd2 Kh7 12. g4 Nb6 13. dxc6 bxc6 14. c5 Nd7 15. cxd6 Qa5 16. h4 Qb4 17. h5 Qxd6 18. hxg6+ Qxg6 19. Bxh6 Rh8 20. Be3+ Kg8 21. Rxh8+ Bxh8 22. O-O-O Qe6 23. g5 Nb6 24. Ng4 Nc4 25. Bxc4 Qxc4 26. Nh6+ Kf8 27. Qf2 Bb7 28. Rd7 1-0

[Event "IV Niterói Chess Open 2024"]
[Site "Rio de Janeiro"]
[Date "2024.08.28"]
[Round "1"]
[Board "27"]
[White "Pimenta, Jeronimo Marques"]
[Black "Lourenco, Valerio Dos Santos"]
[Result "1-0"]
[WhiteElo "2047"]
[BlackElo "1731"]
[Annotator "Chessbase"]
[PlyCount "72"]
[EventDate "2024.08.28"]
[EventRounds "7"]
[EventCountry "BRA"]

1. d4 {RR} Nf6 2. c4 g6 3. Nc3 Bg7 4. e4 d6 5. h3 O-O 6. Be3 c6 7. Nf3 Qa5 ({RR} 7... Na6 8. Be2 e5 9. d5 Bd7 10. Nd2 Rc8 11. g4 ({RR} 11. O-O Ne8 12. dxc6 bxc6 13. Bxa7 Bh6 14. c5 Bxh3 15. Nf3 Qd7 16. Bxa6 Ra8 17. gxh3 Qxh3 18. Re1 Qg4+ 19. Kf1 Rxa7 20. cxd6 Nxd6 21. Nxe5 Qh3+ 22. Ke2 Qe6 23. Qd4 Rxa6 24. Nd3 Bg7 25. e5 Re8) 11... cxd5 12. cxd5 Nc5 13. a3 a5 14. a4 Ne8 15. g5 f5 16. h4 Rf7 17. Nb3 Na6 18. Bb5 Nb4 19. f3 Bf8 20. Kd2 Ng7 21. Qg1 Nh5 22. Bb6 {1-0 Giri,A (2776)-Iordachescu,V (2588) FRA-chT Top 12 2015 (1.1)}) 8. Nd2 Be6 $146 ({RR} 8... e5 9. d5 Nbd7 10. Be2 c5 11. g4 a6 12. a4 Ne8 13. Rg1 Qd8 14. Qc2 Qe7 15. Rg3 f6 16. h4 Rf7 17. h5 Nf8 18. O-O-O g5 19. a5 Qc7 20. Qa4 Bd7 21. Qa3 b5 22. axb6 Qxb6 23. Nb3 {1-0 Joachim,S (2420)-Helbig,M Hassloch op-A 1998 (3)}) ({RR} 8... Nbd7 9. a3 e5 10. d5 Ne8 11. g4 Qd8 12. Qc2 cxd5 13. exd5 f5 14. f3 a6 15. O-O-O b6 16. h4 fxg4 17. fxg4 Ndf6 18. g5 Ng4 19. Bg1 Bf5 20. Bd3 Rc8 21. Kb1 b5 22. Nce4 Nc7 23. Qb3 {1-0 Delorme,L (2075)-Fischer,J (2091) TCh-FRA Top 16 GpA 2024 (2.8)}) ({RR} 8... e5 9. Nb3 Qc7 10. d5 Nbd7 11. g4 cxd5 12. cxd5 Nc5 13. Nxc5 dxc5 14. Be2 a6 15. g5 Ne8 16. h4 f6 17. gxf6 Rxf6 18. h5 Nd6 19. hxg6 hxg6 20. Bg4 b5 21. Bxc8 Qxc8 22. Qc2 Qg4 23. Bxc5 {0-1 Delgado Montanes,J (2078)-Campos Olaya,I (2165) Salou op 2017 (5)}) ({RR} 8... e5 9. d5 c5 10. g4 a6 11. a4 Qc7 12. a5 Nbd7 13. Be2 Ne8 14. h4 f5 15. exf5 gxf5 16. gxf5 Ndf6 17. h5 h6 18. Rg1 Kh8 19. Bd3 Qf7 20. Rg6 Ng8 21. Qg4 Ne7 22. Bxh6 Nxf5 23. Bxg7+ {1-0 Brunello,S (2548)-Hoi,C (2383) DEN-chT 1819 57th 2018 (1)}) 9. d5 Bd7 10. Be2 Na6 11. O-O e6 12. Nb3 Qc7 13. Rc1 Rac8 14. Qd2 Rfe8 15. f4 exd5 16. cxd5 Nxe4 17. Nxe4 Rxe4 18. dxc6 Bxc6 19. Bf3 Re7 20. Bxa7 Rce8 21. Bd4 Bxd4+ 22. Nxd4 Nc5 23. f5 Ne4 24. Bxe4 Rxe4 25. Nxc6 bxc6 26. f6 Re3 27. Rc3 Qb6 28. Kh1 Qb5 29. Rfc1 Qg5 30. Rxe3 Rxe3 31. Rxc6 h5 32. Rxd6 Qe5 33. Kg1 Re2 34. Rd8+ Kh7 35. Rh8+ Kxh8 36. Qh6+ Kg8 1-0

[Event "IV Niterói Chess Open 2024"]
[Site "Rio de Janeiro"]
[Date "2024.08.28"]
[Round "1"]
[Board "33"]
[White "Garcia, Julio Cesar De Paiva"]
[Black "Martins, Gustavo Faria"]
[Result "1-0"]
[WhiteElo "2004"]
[BlackElo "1701"]
[Annotator "Chessbase"]
[PlyCount "87"]
[EventDate "2024.08.28"]
[EventRounds "7"]
[EventCountry "BRA"]

1. Nf3 Nf6 2. c4 g6 3. Nc3 Bg7 4. e4 d6 5. d4 O-O 6. Be2 e5 7. d5 Nbd7 8. Bg5 h6 9. Bh4 g5 10. Bg3 a5 11. Nd2 Nc5 12. O-O Bd7 13. b3 Ne8 ({RR} 13... Nfxe4 14. Ndxe4 Nxe4 15. Nxe4 f5 16. f3 fxe4 17. fxe4 Rxf1+ 18. Kxf1 Qf6+ 19. Kg1 Qg6 20. Bg4 Bxg4 21. Qxg4 h5 22. Qe2 Rf8 23. Rf1 Rxf1+ 24. Kxf1 g4 25. Be1 b6 26. Bd2 Bh6 27. Ke1 Bxd2+ 28. Kxd2 {½-½ Paunovic,D (2400)-Gunawan,R (2440) Vrnjacka Banja 1988}) 14. f3 f5 15. a3 c6 $146 ({RR} 15... f4 16. Bf2 Na6 17. Qb1 h5 18. b4 a4 19. Qd1 Nb8 20. c5 Rf6 21. b5 dxc5 22. Bxc5 Rg6 23. Nxa4 g4 24. fxg4 hxg4 25. g3 Qg5 26. Bf2 Qh6 27. Re1 Qh7 28. Bd3 Rh6 29. Nf1 f3 30. Nc5 {½-½ Schaedler,J (2121)-Kirner,M Baden VLS 0102 2001 (3.4)}) ({RR} 15... f4 16. Bf2 h5 17. b4 Na6 18. Rb1 b6 19. c5 axb4 20. axb4 bxc5 21. bxc5 Nxc5 22. Bxc5 dxc5 23. Qc2 g4 24. Rfc1 Qh4 25. Bf1 Nf6 26. Rb7 Rac8 27. d6 cxd6 28. Nc4 Bc6 29. Rxg7+ Kxg7 30. Nxd6 {0-1 Bielinski,D (2135)-Bolat,I (2208) Titled Tue 9th Apr Early 2024 (2)}) ({RR} 15... f4 16. Bf2 Rf6 17. b4 axb4 18. axb4 Rxa1 19. Qxa1 Na6 20. Qa3 h5 21. c5 Nb8 22. Qa7 Rg6 23. Qxb7 g4 24. Ra1 g3 25. hxg3 fxg3 26. Be3 dxc5 27. bxc5 Bh6 28. Bxh6 Rxh6 29. Nf1 h4 30. Ra8 {1-0 Titz,H (2330)-Bonstingl,G (2225) AUT-ch Austria 1994 (8)}) ({RR} 15... f4 16. Bf2 b6 17. b4 Nb7 18. Nb3 Rf6 19. c5 bxc5 20. bxc5 dxc5 21. Nxc5 Nxc5 22. Bxc5 Bf8 23. Bxf8 Kxf8 24. Bb5 h5 25. Qa4 Bxb5 26. Nxb5 g4 27. Qd1 Rg6 28. Rc1 Raa6 29. Kh1 Rg7 30. Rc6 {½-½ Lauritson,J-Dawa,A (2107) Winnipeg Mike Shpan Memorial 2009 (5)}) 16. exf5 Bxf5 17. Nde4 Bxe4 18. Nxe4 Nxe4 19. fxe4 Nf6 20. Bd3 c5 21. Rb1 Nd7 22. Rxf8+ Qxf8 23. Qg4 Qe7 24. Bf2 b6 25. Be3 Rf8 26. b4 axb4 27. axb4 cxb4 28. Rxb4 Nc5 29. Qd1 Qa7 30. Qb1 Rb8 31. h3 Bf6 32. Be2 Bd8 33. Bg4 Qa3 34. Bxc5 dxc5 35. Rb3 Qa7 36. Be6+ Kg7 37. Rf3 Bf6 38. Qf1 Rf8 39. d6 Qb8 40. d7 Qd8 41. Bf5 Qe7 42. Rd3 Qd8 43. Qd1 Qc7 44. Qh5 1-0

[Event "IV Niterói Chess Open 2024"]
[Site "Rio de Janeiro"]
[Date "2024.08.30"]
[Round "4"]
[Board "14"]
[White "De Oliveira, Yuri Garcia"]
[Black "Perdomo, Leandro"]
[Result "0-1"]
[WhiteElo "1964"]
[BlackElo "2359"]
[Annotator "Chessbase"]
[PlyCount "49"]
[EventDate "2024.08.28"]
[EventRounds "7"]
[EventCountry "BRA"]

1. Nf3 Nf6 2. c4 g6 3. Nc3 Bg7 4. e4 d6 5. d4 O-O 6. Be2 e5 7. Be3 exd4 8. Nxd4 Re8 9. Qc2 Qe7 ({RR} 9... Nc6 10. O-O Ng4 11. Bxg4 Nxd4 12. Qd2 c5 13. Bxc8 Rxc8 14. Rad1 Qd7 15. f3 f5 16. b3 fxe4 17. Nxe4 Re6 18. Qf2 b6 19. Bxd4 cxd4 20. Rxd4 Bxd4 21. Qxd4 Qg7 22. Qd3 h6 23. Rd1 Rd8 24. h3 {1-0 Erigaisi,A (2675)-Aryan,C (2592) Fagernes op 2022 (4)}) 10. f3 ({RR} 10. Nd5 Nxd5 11. exd5 Bg4 12. Qd2 Bxe2 13. Nxe2 Nd7 14. Nd4 Ne5 15. Qe2 Qh4 16. O-O Ng4 17. Nf3 Qh5 18. h3 Nxe3 19. fxe3 Bh6 20. Rfe1 Rxe3 21. Qf2 Rae8 22. Nh2 Qe5 23. Rf1 f5 24. Nf3 Qe4 {0-1 Navickas,T (1469)-Eigminas,K (2099) TCh-LTU 2024 (7.2)}) 10... c6 11. Rd1 $146 ({RR} 11. Bf2 Nh5 12. g3 Nd7 13. O-O Ne5 14. Rfe1 Nf6 15. Kg2 c5 16. Nb3 Be6 17. f4 Nc6 18. Rad1 b6 19. Nd5 Bxd5 20. exd5 Nb4 21. Qb1 Qe4+ 22. Qxe4 Nxe4 23. Bf3 Nxf2 24. Rxe8+ Rxe8 25. Kxf2 Bxb2 {0-1 Simagin,V-Petrosian,T Moscow Training 1966 (5)}) ({RR} 11. g4 a6 12. g5 Nfd7 13. h4 b5 14. h5 b4 15. hxg6 hxg6 16. Na4 d5 17. O-O-O c5 18. Nb3 d4 19. Bf4 Nc6 20. Rh4 Nce5 21. Rdh1 d3 22. Bxd3 Nxf3 23. Rh7 Be5 24. Bxe5 Qxe5 25. Qg2 Nd4 {1-0 Kamsky,G (2510)-Tal,M (2585) New York op 1990 (8)}) ({RR} 11. Bf2 Nh5 12. Qd2 Be5 13. g3 Bh3 14. Bf1 Qd7 15. O-O-O Na6 16. g4 Bxf1 17. Rhxf1 Nf4 18. Bg3 Ne6 19. Nf5 Bxg3 20. Nh6+ Kg7 21. hxg3 f6 22. Rh1 Ng5 23. e5 Rxe5 24. f4 Ne4 25. Qe3 Nxc3 {1-0 Ljubojevic,L (2565)-Van Wely,L (2605) Amber-rapid 07th 1998 (8)}) 11... d5 12. cxd5 Nxd5 13. Nxd5 cxd5 14. O-O dxe4 15. Rfe1 Nc6 16. Nxc6 bxc6 17. fxe4 Bf5 18. Bf2 Bxe4 19. Bd3 Bxd3 20. Qxd3 Qb7 21. b3 Be5 22. Qh3 Re6 23. Qh4 Qe7 24. Kh1 Re8 25. Rf1 0-1

[Event "IV Niterói Chess Open 2024"]
[Site "Rio de Janeiro"]
[Date "2024.08.31"]
[Round "6"]
[White "Lage, Pedro Ferreira"]
[Black "Perdomo, Leandro"]
[Result "0-1"]
[WhiteElo "2132"]
[BlackElo "2359"]
[Annotator "Chessbase"]
[PlyCount "82"]
[EventDate "2024.08.28"]
[EventRounds "7"]
[EventCountry "BRA"]

1. Nf3 Nf6 2. c4 g6 3. Nc3 Bg7 4. e4 d6 5. d4 O-O 6. Be2 e5 7. O-O Nbd7 8. Re1 Re8 9. Bf1 a6 10. Rb1 exd4 11. Nxd4 c6 12. Bg5 ({RR} 12. Bf4 Ne5 13. h3 Be6 14. b3 c5 15. Nxe6 Rxe6 16. Qd2 Nc6 17. Bd3 Nb4 18. Nd5 Nxd3 19. Qxd3 Nxd5 20. exd5 Rxe1+ 21. Rxe1 Qd7 22. a4 Bf8 23. Re4 Re8 24. Qe2 Rxe4 25. Qxe4 Qe7 26. Qxe7 Bxe7 {½-½ Wojtaszek,R (2736)-Jones,G (2664) EU-Cup 30th Bilbao 2014 (6.1)}) ({RR} 12. Nc2 Ne5 13. f3 b5 14. cxb5 axb5 15. Be3 Be6 16. a3 Qc7 17. Qd2 Nfd7 18. Bd4 Nc5 19. Bf2 Bc4 20. Nb4 Rad8 21. Qc2 Bb3 22. Qd2 h5 23. Be3 Kh7 24. Kh1 Rc8 25. Qf2 Qe7 26. Qd2 Qf8 {½-½ Dang,A (2064)-Vo,H (1996) ch-VIE 2024 Hanoi VIE (5.2)}) 12... h6 13. Bf4 $146 ({RR} 13. Bh4 Nc5 14. f3 a5 15. Qd2 Qb6 16. Bf2 Nfd7 17. b3 Ne5 18. a3 Qd8 19. Kh1 h5 20. Be3 Qe7 21. b4 axb4 22. axb4 Ne6 23. Nc2 {½-½ Ionescu,C (2504)-Nevednichy,V (2563) Ciocaltea Memorial 2001 (4)}) ({RR} 13. Bh4 a5 14. f3 Ne5 15. Na4 Qc7 16. Rc1 Ned7 17. Nb3 Nh5 18. Bf2 b6 19. Qd2 Nc5 20. Nc3 g5 21. Nd4 Bd7 22. Rcd1 Be5 23. g3 Qd8 24. Bg2 Qf6 25. Be3 Kh8 26. Rf1 Qg7 27. Kh1 Rg8 {0-1 Dumitrache,D (2475)-Nevednichy,V (2470) ROM-ch Bucharest 1994 (11)}) 13... Ne5 14. f3 Nh5 15. Be3 Qf6 16. Qd2 b5 17. cxb5 axb5 18. Nxc6 Nxc6 19. Bxb5 Bd7 20. Nd5 Qd8 21. Rec1 Ne5 22. Bxd7 Nxd7 23. Nc7 Rxa2 24. Nxe8 Qxe8 25. Bxh6 Qe5 26. Bxg7 Kxg7 27. Rc6 Nf4 28. Rxd6 Nc5 29. g3 Ne2+ 30. Kf2 Nc3 31. bxc3 Rxd2+ 32. Rxd2 Qxc3 33. Rbd1 Nb3 34. Rd3 Qc2+ 35. Kg1 Qe2 36. h4 Nc5 37. Rd5 Qxf3 38. Rxc5 Qxg3+ 39. Kf1 Qf3+ 40. Ke1 Qe3+ 41. Kf1 Qxc5 0-1

[Event "IV Niterói Chess Open 2024"]
[Site "Rio de Janeiro"]
[Date "2024.09.01"]
[Round "7"]
[Board "48"]
[White "Tischler Lema Garcia, Maria Eduarda"]
[Black "Martins, Gustavo Faria"]
[Result "1-0"]
[WhiteElo "1511"]
[BlackElo "1701"]
[Annotator "Chessbase"]
[PlyCount "74"]
[EventDate "2024.08.28"]
[EventRounds "7"]
[EventCountry "BRA"]

1. d4 Nf6 2. c4 g6 3. Nc3 Bg7 4. e4 d6 5. Nf3 O-O 6. Be2 e5 7. O-O Nc6 8. dxe5 dxe5 9. Bg5 h6 10. Qxd8 Rxd8 11. Bxf6 Bxf6 12. Nd5 Bg7 13. Nxc7 Rb8 14. Rfd1 Bg4 15. Rxd8+ Rxd8 16. Nd5 Bxf3 17. Bxf3 Nd4 18. Rc1 h5 $146 ({RR} 18... Kf8 19. Kf1 h5 20. Bd1 Rc8 21. Ke1 Ke8 22. b4 Kd8 23. Rc3 Bf8 24. Kd2 a5 25. bxa5 Ra8 26. Bb3 Rxa5 27. Rd3 Bc5 28. f4 exf4 29. Nxf4 Ke7 30. Kc3 Nc6 31. Nd5+ Ke6 32. Rf3 Bd4+ 33. Kd2 {½-½ Havanecz,B (2270)-Ehab,T (1841) WchT (Women) 12th 2019 (4.4)}) 19. c5 Bf8 20. b4 Rc8 21. Rc3 b6 22. cxb6 Rxc3 23. Nxc3 axb6 24. Nd5 Nc2 25. Nxb6 Nxb4 26. a4 Bc5 27. Nd7 Bd4 28. a5 Nd3 29. Nb8 Bxf2+ 30. Kf1 Bc5 31. Nc6 f6 32. a6 Kf8 33. a7 Bxa7 34. Nxa7 Ke7 35. Ke2 Nb4 36. Nb5 Nc6 37. Kd3 Ke6 1-0

[Event "IV Niterói Chess Open 2024"]
[Site "Rio de Janeiro"]
[Date "2024.08.29"]
[Round "2"]
[Board "22"]
[White "Schiavo, Marcelo Da Silva"]
[Black "Borsato, Ana Carolina Teodoro"]
[Result "1/2-1/2"]
[WhiteElo "2059"]
[BlackElo "1892"]
[Annotator "Chessbase"]
[PlyCount "88"]
[EventDate "2024.08.28"]
[EventRounds "7"]
[EventCountry "BRA"]

1. c4 Nf6 2. Nc3 g6 3. d4 Bg7 4. e4 d6 5. Nf3 O-O 6. Be2 e5 7. O-O Nc6 8. d5 Ne7 9. Ne1 Nd7 10. Nd3 f5 11. f3 f4 12. g4 a6 13. Bd2 g5 14. Be1 Ng6 15. Bf2 Rf7 $146 ({RR} 15... Qe7 16. a3 Nf6 17. c5 h5 18. h3 hxg4 19. hxg4 Kf7 20. cxd6 cxd6 21. Na4 Bd7 22. Nb6 Rad8 23. Rc1 Rh8 24. Rc7 Rh7 25. Kg2 Rdh8 26. Rg1 Qe8 27. Qa4 Ke7 28. Rxb7 Nf8 29. Qc6 Qg6 30. Nc8+ {1-0 Garcia Rodriguez,P (1888)-Calvo Nobrega,J (1729) Tenerife Verano op 2015 (4)}) 16. c5 Bf8 17. b4 h6 18. Na4 Rh7 19. Kg2 Nh4+ 20. Bxh4 gxh4 21. h3 Nf6 22. Nf2 Rg7 23. Kh2 Bd7 24. Rc1 Qe8 25. Nb2 Qg6 26. Rg1 Be8 27. Nc4 Qg5 28. Na5 Rb8 29. a3 Nh7 30. c6 bxc6 31. Nxc6 Rb6 32. Na5 Qd8 33. Nc4 Rb8 34. Na5 Ra8 35. Bd3 Ng5 36. Qe2 Bd7 37. Rc3 Bc8 38. Qd1 Qd7 39. Be2 Nf7 40. Qc2 Nd8 41. Rc1 Ra7 42. Bc4 Kh8 43. Bb3 h5 44. Qe2 Qf7 1/2-1/2